Statistics for Serie A - Team Records

Click here to take the quiz!

General Stats

  • This quiz has been taken 11 times
  • The average score is 9 of 21

Answer Stats

RecordValueTeam% Correct
Most seasons91FC Internazionale Milano
100%
Most victories1,674Juventus FC
100%
1,466AC Milan
90%
1,544FC Internazionale Milano
90%
90Juventus FC
90%
90AS Roma
80%
884AC Milan
60%
Most draws901AS Roma
60%
877ACF Fiorentina
40%
Most losses887SS Lazio
40%
866ACF Fiorentina
30%
859Bologna FC
20%
-380Palermo FC
10%
Worst goals differential-536SSC Bari
10%
33Ternana Calcio
10%
24Treviso FBC
10%
0.553Treviso FBC
10%
Fewest points/game0.471US Ancona
10%
-379US Lecce
10%
Fewest goals scored19US Pistoiese
10%
0.533US Pistoiese
10%

Score Distribution

Percentile by Number Answered

Percent of People with Each Score

Your Score History

You have not taken this quiz